zpět

Detail výsledku týmu

Pivovarský Dvůr PO, Liberec

Datum a čas kvízu

16 Celkem bodů Celkový počet nahraných bodů na tomto kvízu bez doplňovacích otázek.
10. Pořadí na kvízu Konečné umístění týmu na tomto kvízu.

Zaznamenané odpovědi

# Otázka Odpověď Body Výsledky
1. Česká vláda ve středu jmenoval... Michal Koudelka 0
2. Až do pozdní noci se v pondělí... nezvykle dlouhý stůl 1
3. Ve čtvrtek začal již 72. roční... Berlinale 1
4. Jedna automobilka mění podobu... Rolls-Royce 1
5. Basketbalista Tomáš Satoranský... San Antonio Spurs 0
6. Začneme jedním ze základních a... 1B 2A 3D 4C 0
7. Jak se nazývá kreslicí materiá... rudka 0
8. Který španělský malíř žijící v... Francisco Goya 1
9. Vedle klasických pastelek, jak... akvarelové 1
10. Firma Koh-i-noor Hardtmuth je... v Českých Budějovicích 0